Logic ngôn ngữ học
Phân tích ngữ nghĩa của một số từ, câu, lời nói tiếng Việt; sử dụng toán tử lôgic để lý giải các lôgic, tình thái của ngôn ngữ để hiểu các giá trị chân lý, giá trị dĩ ngôn của tiếng Việt, từ đó làm sáng tỏ nội dung của lôgic-ngôn ng...
Gorde:
| Egile nagusia: | |
|---|---|
| Formatua: | Liburua |
| Hizkuntza: | Undetermined |
| Argitaratua: |
Hà Nội
Khoa học - Xã hội
2003
|
| Gaiak: | |
| Etiketak: |
Etiketa erantsi
Etiketarik gabe, Izan zaitez lehena erregistro honi etiketa jartzen!
|
| Thư viện lưu trữ: | Trung tâm Học liệu Trường Đại học Cần Thơ |
|---|
| LEADER | 00911nam a2200193Ia 4500 | ||
|---|---|---|---|
| 001 | CTU_95871 | ||
| 008 | 210402s9999 xx 000 0 und d | ||
| 082 | |a 495.9225 | ||
| 082 | |b Ph250 | ||
| 100 | |a Hoàng, Phê | ||
| 245 | 0 | |a Logic ngôn ngữ học | |
| 245 | 0 | |c Hoàng Phê | |
| 260 | |a Hà Nội | ||
| 260 | |b Khoa học - Xã hội | ||
| 260 | |c 2003 | ||
| 520 | |a Phân tích ngữ nghĩa của một số từ, câu, lời nói tiếng Việt; sử dụng toán tử lôgic để lý giải các lôgic, tình thái của ngôn ngữ để hiểu các giá trị chân lý, giá trị dĩ ngôn của tiếng Việt, từ đó làm sáng tỏ nội dung của lôgic-ngôn ngữ học | ||
| 650 | |a Language and languages,Vietnamese language | ||
| 904 | |i Tuyến | ||
| 980 | |a Trung tâm Học liệu Trường Đại học Cần Thơ | ||